[Event "Championnat de France des Jeunes - Minim"]
[Site "Aix les Bains"]
[Date "2009.??.??"]
[Round "7.15"]
[White "Bourdaim, Hanna"]
[Black "Benac, Anais"]
[Result "0-1"]
[WhiteElo "1400"]
[BlackElo "1680"]
[PlyCount "64"]

1. e4 e5 2. Nf3 Nc6 3. Bc4 Bc5 4. d3 Nf6 5. c3 d6 6. Nbd2 Ne7 7. Qb3 O-O 8. Ng5
d5 9. exd5 Nexd5 10. Ndf3 Re8 11. O-O c6 12. Ne4 Bb6 13. Re1 Nh5 14. Ned2 Bc7
15. Nf1 b5 16. Bxd5 Qxd5 17. Qxd5 cxd5 18. a4 bxa4 19. Rxa4 Bb7 20. Be3 a6 21.
Rb4 Bc6 22. Bd2 a5 23. Rh4 g6 24. g4 Nf4 25. Bxf4 exf4 26. Rxe8+ Rxe8 27. g5
Rb8 28. Nd4 Bb5 29. Nxb5 Rxb5 30. b4 axb4 31. cxb4 Rxb4 32. Rh3 Bd8 0-1

[Event "Championnat de France des Jeunes - Benjamins"]
[Site "AIX LES BAINS "]
[Date ""]
[Round "7.1"]
[White "Giroyan, Gary"]
[Black "Barbot, Pierre"]
[Result "0-1"]
[WhiteElo "2168"]
[BlackElo "2050"]
[Annotator ""]

1. e4 c5 2. Nf3 Nc6 3. d4 cxd4 4. Nxd4 Qb6 5. Nb3 Nf6 6. Nc3 e6 7. Be3 Qc7 8.
a3 a6 9. f4 d6 10. Be2 Be7 11. Bf3 O-O 12. O-O Rd8 13. Qe2 b5 14. Rfe1 Bb7 15.
Qf2 Nd7 16. Rad1 Rab8 17. Nd4 Na5 18. Bg4 Nc4 19. Bxe6 Nxe3 20. Bxf7+ Kxf7 21.
Rxe3 Nf8 22. Nd5 Bxd5 23. exd5 Re8 24. Nc6 Rbc8 25. Rde1 Bf6 26. b3 Qd7 27. g3
Rxe3 28. Rxe3 Ng6 29. c4 bxc4 30. bxc4 Ne7 31. Nxe7 Bxe7 32. Qc2 Bf6 33. Re6 g6
34. f5 Kg7 35. Qe4 Rf8 36. Kg2 Rf7 37. Qf4 Be5 38. Qg5 Rf6 39. c5 Qb5 40. Re7+
Rf7 41. Rxf7+ Kxf7 42. fxg6+ hxg6 43. Qd8 Qe2+ 44. Kh3 Qf1+ 45. Kg4 Qf5+ 46.
Kh4 Bf6+ 0-1

[Event "Championnat de France des Jeunes - Benja"]
[Site "AIX LES BAINS "]
[Date "2009.04.24"]
[Round "7.2"]
[White "Roubaud, Alexandre"]
[Black "Gueriche, Guillaume"]
[Result "0-1"]
[WhiteElo "2074"]
[BlackElo "1972"]
[PlyCount "88"]

1. e4 c5 2. Nc3 e6 3. f4 a6 4. Nf3 Nc6 5. d3 d5 6. g3 Nf6 7. e5 Ng8 8. Bg2 h5
9. O-O Nh6 10. Qe2 Be7 11. h4 Nf5 12. Qf2 b6 13. Bh3 Bb7 14. Bxf5 exf5 15. d4
cxd4 16. Ne2 d3 17. cxd3 d4 18. Bd2 Qd5 19. Kh2 O-O-O 20. Ne1 f6 21. Rc1 Kb8
22. exf6 Bxf6 23. b3 Rhe8 24. Nf3 Ne7 25. Neg1 Ng8 26. Rfe1 Nh6 27. Qf1 Ng4+
28. Kh3 Ne3 29. Qf2 Re7 30. Re2 Rde8 31. Rce1 Ng4 32. Qf1 Ne3 33. Qf2 Ka7 34.
Bb4 Re6 35. Ba3 Ng4 36. Qf1 Re3 37. Bc1 Rxf3 38. Nxf3 Rxe2 39. Rxe2 Qxf3 40.
Qe1 Be7 41. Bd2 g5 42. fxg5 Bd6 43. g6 f4 44. Qg1 Qxe2 0-1

[Event "Championnat de France des Jeunes - Benja"]
[Site "AIX LES BAINS "]
[Date "2009.04.24"]
[Round "7.3"]
[White "Deslias, Gregoire"]
[Black "Moussard, Jules"]
[Result "0-1"]
[WhiteElo "1806"]
[BlackElo "2276"]
[PlyCount "70"]

1. d4 g6 2. c4 Bg7 3. Nc3 d6 4. e4 Nc6 5. Be3 e5 6. d5 Nce7 7. Be2 f5 8. f3 Nf6
9. g4 O-O 10. h4 fxg4 11. fxg4 Qd7 12. g5 Ng4 13. Bxg4 Qxg4 14. Qxg4 Bxg4 15.
c5 a6 16. Rc1 Rf7 17. Rh2 dxc5 18. Bxc5 b6 19. Be3 Raf8 20. Rf2 Nc8 21. Rcc2
Nd6 22. b3 Rf4 23. Bxf4 exf4 24. Nge2 f3 25. Nc1 Re8 26. Nd3 Bd4 27. e5 Nf5 28.
Nd1 Bxe5 29. Kd2 Bg3 30. Kc3 Bxh4 31. Nf4 Bxg5 32. Ne6 Bf6+ 33. Kd3 c5 34. Nc3
Nd6 35. Ne4 Bf5 0-1

[Event "Championnat de France des Jeunes - Benja"]
[Site "AIX LES BAINS "]
[Date "2009.04.24"]
[Round "7.4"]
[White "Neri, Jean-Baptiste"]
[Black "Jeannesson, Etienne"]
[Result "1-0"]
[WhiteElo "2009"]
[BlackElo "1780"]
[PlyCount "71"]

1. e4 c5 2. Nf3 d6 3. d4 cxd4 4. Nxd4 Nf6 5. f3 g6 6. c4 Bg7 7. Nc3 Nc6 8. Be3
O-O 9. Qd2 Bd7 10. Be2 Ne5 11. O-O Rc8 12. b3 a6 13. Rac1 Re8 14. Kh1 Rc7 15.
g4 Bc8 16. g5 Nh5 17. Nd5 Rd7 18. f4 e6 19. Nf6+ Bxf6 20. gxf6 Nxf6 21. fxe5
dxe5 22. Qb2 Nxe4 23. Nf3 f6 24. c5 Qc7 25. Rc4 Qc6 26. Qc2 f5 27. Rxe4 Qxe4
28. Qxe4 fxe4 29. Nxe5 Rd5 30. Nc4 Bd7 31. Nd6 Rb8 32. Bh6 Bc6 33. Bg4 Re5 34.
Rf7 e3+ 35. Kg1 Be8 36. Rf8# 1-0

[Event "Championnat de France des Jeunes - Benja"]
[Site "AIX LES BAINS "]
[Date "2009.04.24"]
[Round "7.5"]
[White "Luciani, Thibault"]
[Black "Rouffignac, Tanguy"]
[Result "0-1"]
[WhiteElo "1864"]
[BlackElo "1671"]
[PlyCount "66"]

1. e4 e5 2. Nf3 Nc6 3. Bc4 Bc5 4. c3 Nf6 5. d4 exd4 6. cxd4 Bb4+ 7. Nc3 Nxe4 8.
O-O Nxc3 9. bxc3 d5 10. cxb4 dxc4 11. Re1+ Ne7 12. Qe2 Be6 13. Ng5 Qd5 14. Nxe6
fxe6 15. Bf4 O-O-O 16. Rac1 b5 17. a4 Nc6 18. axb5 Nxd4 19. Qa2 Nxb5 20. Qa6+
Kb8 21. Ra1 Qb7 22. Qxe6 c3 23. Be3 Rd6 24. Qc4 Rhd8 25. Qc5 Rd5 26. Qe7 c2 27.
Qe4 Qc6 28. Bc5 Qg6 29. Qxg6 hxg6 30. Kf1 Rd1 31. Ke2 Nc3+ 32. Kf3 Rxa1 33.
Rxa1 Rd1 0-1

[Event "Championnat de France des Jeunes - Benja"]
[Site "AIX LES BAINS "]
[Date "2009.04.24"]
[Round "7.6"]
[White "Grandadam, Patrick"]
[Black "Loiseau, Quentin"]
[Result "1/2-1/2"]
[WhiteElo "2055"]
[BlackElo "2076"]
[PlyCount "124"]

1. Nf3 Nf6 2. c4 g6 3. Nc3 Bg7 4. e4 d6 5. d4 O-O 6. Be2 a5 7. O-O Na6 8. Rb1
e5 9. Be3 Qe8 10. dxe5 dxe5 11. a3 Qe7 12. Bg5 c6 13. Qc2 h6 14. Be3 Ng4 15.
Bb6 Nc5 16. h3 Nd7 17. Na4 Ngf6 18. Be3 Nh5 19. Qd2 Nf4 20. Rfe1 g5 21. Bf1 Re8
22. Red1 Bf8 23. Qc2 Qf6 24. g3 Ne6 25. Bg2 Nec5 26. Nxc5 Nxc5 27. Bxc5 Bxc5
28. b4 axb4 29. axb4 Bd6 30. c5 Bc7 31. Nd2 Be6 32. Nc4 Ra7 33. Rd2 Rea8 34.
Nd6 h5 35. Qd1 g4 36. h4 b5 37. Qe2 Ra2 38. Rbd1 Bxd6 39. cxd6 Bc4 40. Qe3 R2a3
41. Qc5 Bb3 42. Rc1 R3a6 43. d7 Rd8 44. Rd6 Qg7 45. Rxc6 Rxc6 46. Qxc6 f6 47.
Qxb5 Qxd7 48. Qxd7 Rxd7 49. b5 Rb7 50. Rb1 Bc2 51. Rb2 Bd3 52. b6 Kf7 53. Rb3
Ba6 54. Bf1 Bxf1 55. Kxf1 Ke6 56. Ke2 Kd7 57. Kd3 Kd6 58. Kc3 Kc5 59. Rb4 Kc6
60. Kc4 Rd7 61. Kc3 Kb7 62. Kc2 Rd6 1/2-1/2

[Event "Championnat de France des Jeunes - Benja"]
[Site "AIX LES BAINS "]
[Date "2009.04.24"]
[Round "7.7"]
[White "Perrois, Aurelien"]
[Black "Aubry, Yannis"]
[Result "1/2-1/2"]
[WhiteElo "1840"]
[BlackElo "1932"]
[PlyCount "140"]

1. d4 Nf6 2. Nf3 g6 3. c3 Bg7 4. Bg5 d5 5. Nbd2 Nbd7 6. Qc2 O-O 7. e3 c6 8. Bd3
Re8 9. O-O e5 10. dxe5 Nxe5 11. Nxe5 Rxe5 12. Nf3 Re8 13. Rae1 Bg4 14. Nd2 Qb6
15. e4 Be6 16. exd5 Nxd5 17. Nc4 Qc7 18. Ne3 Nf4 19. Bxf4 Qxf4 20. Ra1 Rad8 21.
Rfd1 Bc8 22. Bc4 Be5 23. g3 Qf6 24. a4 b6 25. Rac1 Bc7 26. Bf1 Kg7 27. Bg2 Qe6
28. b4 a5 29. Qb1 Be5 30. bxa5 Rxd1+ 31. Rxd1 bxa5 32. Rc1 Qf6 33. Qb6 Bxc3 34.
Qxc6 Qxc6 35. Bxc6 Rxe3 36. fxe3 Bd2 37. Rb1 Bxe3+ 38. Kg2 Kf6 39. Bd5 Be6 40.
Bxe6 fxe6 41. Kf3 Bd2 42. Rb7 h6 43. g4 Bc3 44. h4 Be1 45. Rb5 Bd2 46. Ke2 Bc3
47. g5+ hxg5 48. hxg5+ Ke7 49. Kd3 Be1 50. Rb7+ Kf8 51. Ke4 Bc3 52. Rc7 Bd2 53.
Ra7 Bc3 54. Kd3 Be1 55. Kc4 Bd2 56. Kb5 e5 57. Rxa5 e4 58. Ra6 Kf7 59. Kc4 Bxg5
60. Kd4 e3 61. Kd3 Ke7 62. Rxg6 Bf4 63. a5 Kd7 64. a6 Kc7 65. Rg7+ Kb8 66. Re7
Bg5 67. Re6 Ka7 68. Kc4 Bh4 69. Kb5 Bf2 70. Re7+ Ka8 1/2-1/2

[Event "Championnat de France des Jeunes - Benja"]
[Site "AIX LES BAINS "]
[Date "2009.04.24"]
[Round "7.8"]
[White "Paci, Nicolas"]
[Black "Cabanes, Kim"]
[Result "1-0"]
[WhiteElo "1825"]
[BlackElo "1932"]
[PlyCount "77"]

1. Nf3 d5 2. g3 Nf6 3. Bg2 Bg4 4. O-O e6 5. d3 Be7 6. Nbd2 O-O 7. e4 dxe4 8.
dxe4 Nc6 9. c3 Qd3 10. Re1 e5 11. Re3 Qd7 12. Qc2 Rad8 13. b4 Bd6 14. a3 b5 15.
Bb2 a5 16. Rd1 axb4 17. axb4 h6 18. Nb3 Qe6 19. Rd2 Bh3 20. Nh4 Ne7 21. Re1 g5
22. Bxh3 Qxh3 23. Nf5 Nxf5 24. exf5 e4 25. c4 Ng4 26. Qxe4 Qxh2+ 27. Kf1 Bxg3
28. Ree2 Qh3+ 29. Ke1 Rxd2 30. Nxd2 Bf4 31. Qd4 Bxd2+ 32. Kxd2 f6 33. Qd5+ Rf7
34. Re7 Qh5 35. Re8+ Kg7 36. Qd8 Ne5 37. Rg8+ Kh7 38. Rh8+ Kg7 39. Qg8# 1-0

[Event "Championnat de France des Jeunes - Benja"]
[Site "AIX LES BAINS "]
[Date "2009.04.24"]
[Round "7.9"]
[White "Lemeille, Francois"]
[Black "Rouxel, Marc-Milan"]
[Result "1-0"]
[WhiteElo "1931"]
[BlackElo "1780"]
[PlyCount "99"]

1. e4 g6 2. d4 Bg7 3. Nc3 d6 4. f4 Nd7 5. Nf3 e6 6. Be2 Ngf6 7. O-O a6 8. e5
Ng8 9. Ne4 d5 10. Nf2 Ne7 11. g4 O-O 12. Bd3 c5 13. c3 c4 14. Bb1 f5 15. h3 b5
16. Qe1 Nc6 17. Nd1 a5 18. Qg3 b4 19. Kh2 Kh8 20. Rg1 Rg8 21. Ne3 h6 22. Nh4
Ne7 23. Bc2 Nb6 24. Bd1 Bd7 25. Bd2 bxc3 26. bxc3 Rb8 27. Bc1 g5 28. Nf3 gxf4
29. Qxf4 Ng6 30. Qg3 f4 31. Qf2 fxe3 32. Qxe3 Rf8 33. g5 h5 34. Bc2 Be8 35. Ba3
Rg8 36. Rad1 Bf8 37. Bc1 Be7 38. Qe2 Nd7 39. Ne1 Ndf8 40. Qxh5+ Nh7 41. Qg4 Qd7
42. h4 Ngf8 43. Nf3 Bg6 44. Bxg6 Nxg6 45. h5 Nxg5 46. Nxg5 Bxg5 47. hxg6 Rxg6
48. Bxg5 Qh7+ 49. Qh4 Rb2+ 50. Kh3 1-0

[Event "Championnat de France des Jeunes - Benja"]
[Site "AIX LES BAINS "]
[Date "2009.04.24"]
[Round "7.10"]
[White "Kirk, Ezra"]
[Black "Ton-That, Nicolas"]
[Result "1-0"]
[WhiteElo "1884"]
[BlackElo "1841"]
[PlyCount "83"]

1. d4 Nf6 2. c4 g6 3. Nc3 d5 4. cxd5 Nxd5 5. e4 Nxc3 6. bxc3 Bg7 7. Bc4 c5 8.
Be3 Nc6 9. Ne2 O-O 10. O-O Qc7 11. Rc1 Rd8 12. Qc2 Na5 13. Bb3 Nxb3 14. Qxb3 b6
15. Rfd1 Ba6 16. Ng3 e6 17. f3 Bb7 18. Qb2 h6 19. Qf2 cxd4 20. cxd4 Qd7 21. Ne2
Rac8 22. Qh4 Rxc1 23. Rxc1 Ba6 24. Rc2 Bxe2 25. Rxe2 Bxd4 26. Qxh6 Bxe3+ 27.
Qxe3 Qd4 28. Qxd4 Rxd4 29. Kf2 Rd3 30. Kg3 Kg7 31. Kf4 f6 32. h4 e5+ 33. Kg4
Kf7 34. Rc2 Ke6 35. h5 gxh5+ 36. Kxh5 Rd6 37. Kg6 Kd7 38. Kf7 b5 39. g3 a5 40.
f4 exf4 41. gxf4 b4 42. e5 1-0

[Event "Championnat de France des Jeunes - Benja"]
[Site "AIX LES BAINS "]
[Date "2009.04.24"]
[Round "7.11"]
[White "Macon, Arthur"]
[Black "Cantin, Loic"]
[Result "1-0"]
[WhiteElo "1732"]
[BlackElo "1880"]
[PlyCount "149"]

1. d4 Nf6 2. c4 g6 3. Nc3 Bg7 4. e4 d6 5. Nf3 O-O 6. Be2 Nfd7 7. O-O Nc6 8. Be3
e5 9. d5 Ne7 10. Ne1 f5 11. f3 f4 12. Bf2 Nf6 13. g4 fxg3 14. hxg3 Bh3 15. Ng2
Nh5 16. Rc1 Bh6 17. Rc2 Qd7 18. b4 a5 19. a3 axb4 20. axb4 b6 21. c5 bxc5 22.
bxc5 Rfb8 23. cxd6 cxd6 24. Qd3 Bf4 25. g4 Ng3 26. Bxg3 Bxg3 27. Nb5 Rc8 28.
Rfc1 Bxg2 29. Kxg2 Bf4 30. Rxc8+ Rxc8 31. Rxc8+ Nxc8 32. Qc4 Qd8 33. Qc6 Kg7
34. Nc7 Kh6 35. Ne6 Qg8 36. Ba6 Ne7 37. Qxd6 Qe8 38. Nxf4 exf4 39. Qxf4+ g5 40.
Qf6+ Ng6 41. d6 Qc6 42. Bd3 Qc1 43. Bf1 Qd2+ 44. Kh3 Qf2 45. Bc4 Qg1 46. f4
Qh1+ 47. Kg3 gxf4+ 48. Kf2 Qh2+ 49. Ke1 Qg3+ 50. Kd2 Qe3+ 51. Kd1 Qg1+ 52. Kc2
Qxg4 53. Be6 Qe2+ 54. Kc3 Qxe4 55. d7 Qc6+ 56. Kb3 Qb6+ 57. Kc2 Qc6+ 58. Qc3
Qg2+ 59. Kb3 Qb7+ 60. Ka4 Qa6+ 61. Qa5 Qc6+ 62. Qb5 Qxe6 63. d8=Q Qa2+ 64. Kb4
Qb2+ 65. Ka5 Qa3+ 66. Kb6 Qe3+ 67. Kb7 Qe4+ 68. Qbd5 Qb4+ 69. Qb6 Qe7+ 70. Kc8
Qe1 71. Qbc6 f3 72. Qxf3 Kg7 73. Qcf6+ Kg8 74. Qf7+ Kh8 75. Q3f6# 1-0

[Event "Championnat de France des Jeunes - Benja"]
[Site "AIX LES BAINS "]
[Date "2009.04.24"]
[Round "7.12"]
[White "Ravot, Emmanuel"]
[Black "Bruez, Cyriaque"]
[Result "1-0"]
[WhiteElo "1857"]
[BlackElo "1645"]
[PlyCount "59"]

1. d4 Nf6 2. c4 g6 3. Nc3 Bg7 4. e4 d6 5. f4 O-O 6. Nf3 c5 7. d5 e6 8. Be2 exd5
9. e5 dxe5 10. fxe5 Ng4 11. Bg5 Qd7 12. cxd5 Nxe5 13. O-O Nxf3+ 14. Bxf3 f6 15.
Bf4 Qd8 16. Re1 Nd7 17. d6 Ne5 18. Bxe5 fxe5 19. Ne4 Bd7 20. Nxc5 Qb6 21. Rc1
Rac8 22. b4 Bh6 23. Qb3+ Kh8 24. Rcd1 Bg7 25. Kh1 Bc6 26. Bxc6 Rxc6 27. Nd7 Qd8
28. Nxf8 Bxf8 29. d7 Bd6 30. Qf7 1-0

[Event "Championnat de France des Jeunes - Benja"]
[Site "AIX LES BAINS "]
[Date "2009.04.24"]
[Round "7.13"]
[White "Vincenti, Francois-Xavier"]
[Black "Bach, Anatole"]
[Result "0-1"]
[WhiteElo "1697"]
[BlackElo "1845"]
[PlyCount "98"]

1. e3 e5 2. d4 exd4 3. exd4 d5 4. Bd3 Bd6 5. Nf3 Nf6 6. O-O O-O 7. Bg5 h6 8.
Bh4 Re8 9. Nbd2 Bg4 10. Re1 g5 11. Bg3 Bxg3 12. hxg3 Nc6 13. c3 Qd6 14. Qc2
Rxe1+ 15. Rxe1 Re8 16. Rxe8+ Nxe8 17. Bf5 Bxf5 18. Qxf5 Ng7 19. Qc8+ Nd8 20.
Nb3 b6 21. Qa6 Nc6 22. Qc8+ Kh7 23. Qa6 Qg6 24. Nbd2 Qe6 25. Qd3+ Kg8 26. Kf1
Nf5 27. Qe2 Qxe2+ 28. Kxe2 Kf8 29. Nh2 Ke7 30. Ndf1 Nd6 31. Nd2 f5 32. f3 Na5
33. Nhf1 Nac4 34. Nxc4 Nxc4 35. b3 Nd6 36. Kd3 Ke6 37. Ne3 Ne8 38. g4 Nd6 39.
gxf5+ Nxf5 40. g4 Ng3 41. Ng2 h5 42. gxh5 Nxh5 43. Ke3 Kf5 44. a3 Ng7 45. f4 g4
46. Nh4+ Kf6 47. Kf2 Nf5 48. Nxf5 Kxf5 49. Kg3 b5 0-1

[Event "Championnat de France des Jeunes - Benja"]
[Site "AIX LES BAINS "]
[Date "2009.04.24"]
[Round "7.14"]
[White "Clement, Alexandre"]
[Black "Thon, Gabriel"]
[Result "1/2-1/2"]
[WhiteElo "1812"]
[BlackElo "2057"]
[PlyCount "128"]

1. e4 c5 2. Nf3 e6 3. d4 cxd4 4. Nxd4 a6 5. Nc3 Qc7 6. Be3 Bb4 7. Bd2 Nf6 8.
Bd3 O-O 9. a3 Be7 10. O-O d6 11. h3 Nc6 12. Be3 Bd7 13. Kh1 Nxd4 14. Bxd4 Bc6
15. f4 Nd7 16. Re1 Nc5 17. Qe2 Rfd8 18. Rad1 Rac8 19. Bf2 Nxd3 20. cxd3 Bf8 21.
d4 Be8 22. Rc1 Qc4 23. Qxc4 Rxc4 24. Ne2 Bb5 25. Rc3 Rdc8 26. Rec1 Rxc3 27.
Rxc3 Rxc3 28. Nxc3 Bd3 29. Bh4 g6 30. g3 Bg7 31. e5 dxe5 32. dxe5 Bf8 33. b4 a5
34. bxa5 Bxa3 35. Bd8 Bb4 36. Nd1 Kf8 37. Bb6 Ke8 38. Nf2 Be2 39. Kg1 Kd7 40.
Ne4 h6 41. Nd6 Bxd6 42. exd6 Kxd6 43. Kf2 Bc4 44. Ke3 g5 45. fxg5 hxg5 46. Bd8
Bf1 47. Bxg5 Bxh3 48. Bd8 Ke5 49. Bc7+ Kf5 50. Bb6 Kg4 51. Bc7 Bf1 52. Be5 Bb5
53. Bc7 Kf5 54. Bb6 e5 55. Bc7 Bc6 56. Bb6 Ke6 57. Bc7 Kd5 58. Bd8 Kd6 59. Bf6
Bd5 60. g4 Kc6 61. g5 Kb5 62. Bd8 Kb4 63. Bc7 Kc3 64. Bxe5+ Kb4 1/2-1/2

[Event "Championnat de France des Jeunes - Benja"]
[Site "AIX LES BAINS "]
[Date "2009.04.24"]
[Round "7.15"]
[White "Wurtz, Guillaume"]
[Black "Feryn, Benjamin"]
[Result "0-1"]
[WhiteElo "1822"]
[BlackElo "1920"]
[PlyCount "58"]

1. e4 e5 2. d4 exd4 3. Nf3 Nc6 4. Bc4 Nf6 5. e5 Ng4 6. Bxf7+ Kxf7 7. Ng5+ Kg8
8. Qxg4 h6 9. Nf3 d6 10. Qh5 dxe5 11. O-O Bd6 12. c3 Be6 13. cxd4 exd4 14. Nbd2
Qd7 15. Ne4 Ne7 16. Nxd6 Qxd6 17. Re1 Bf7 18. Qb5 b6 19. Bf4 Qd5 20. Qa4 Nc6
21. Bxc7 Rc8 22. Bf4 Kh7 23. Ne5 Rhe8 24. Nxc6 Rxc6 25. Rad1 Rxe1+ 26. Rxe1 Rf6
27. Bd2 Qxa2 28. Qxd4 Qd5 29. Qa4 Qxd2 0-1

[Event "Championnat de France des Jeunes - Benjamines"]
[Site "AIX LES BAINS"]
[Date ""]
[Round "7.1"]
[White "Rigolot, Lucie"]
[Black "Aflalo, Sophie"]
[Result "1-0"]
[WhiteElo "1831"]
[BlackElo "1985"]
[Annotator ""]

1. e4 c5 2. Nf3 Nc6 3. d4 cxd4 4. Nxd4 Nf6 5. Nc3 e5 6. Ndb5 d6 7. Bg5 a6 8.
Na3 b5 9. Bxf6 gxf6 10. Nd5 Bg7 11. Bd3 Be6 12. O-O O-O 13. Qh5 Ne7 14. Nxe7+
Qxe7 15. c4 bxc4 16. Nxc4 h6 17. Ne3 Kh7 18. Rfd1 Rg8 19. Bc4 Bf8 20. Bd5 Rb8
21. b3 Rg5 22. Qf3 Rb4 23. h4 Rg8 24. Rac1 Qd7 25. Bc6 Bg4 26. Qxf6 Qe6 27.
Nxg4 Rxg4 28. Qf3 Rxh4 29. Bd5 Qd7 30. g3 Rg4 31. a3 Rb8 32. Bxf7 Kg7 33. Bd5
Rg6 34. Qc3 Be7 35. Qc7 Qe8 36. Rc6 Qf8 37. Rdc1 Rf6 38. R1c2 Kg6 39. Qd7 Rd8
40. Qg4+ Kh7 41. Be6 d5 42. exd5 Bd6 43. Rc8 Be7 44. d6 Rxc8 45. Rxc8 Bd8 46.
Rb8 Rxf2 47. Rb7+ Kh8 48. Qe4 Rf1+ 49. Kh2 1-0

[Event "Championnat de France des Jeunes - Benja"]
[Site "AIX LES BAINS"]
[Date "2009.04.24"]
[Round "7.2"]
[White "Griggio, Julie"]
[Black "Navrotescu, Andreea-Cristiana"]
[Result "1/2-1/2"]
[WhiteElo "1807"]
[BlackElo "1853"]
[PlyCount "127"]

1. e4 c5 2. Nf3 e6 3. c3 Qa5 4. Bc4 d6 5. O-O Nf6 6. Re1 b5 7. Bb3 Bb7 8. Bc2
Qb6 9. d4 Be7 10. Bg5 h6 11. Bh4 g5 12. Bg3 Nh5 13. dxc5 Qxc5 14. Qd4 Qxd4 15.
Nxd4 a6 16. Nd2 Nxg3 17. hxg3 Nd7 18. a4 bxa4 19. Rxa4 d5 20. exd5 Bxd5 21. Be4
Nb6 22. Bxd5 Nxd5 23. Rea1 Nc7 24. Rc4 Kd7 25. Nc6 Bd6 26. Ne4 Nd5 27. Nxd6
Kxd6 28. Nb4 Rhb8 29. Nd3 e5 30. f3 f6 31. Rca4 Nc7 32. b4 Rb6 33. c4 Ke7 34.
c5 Rc6 35. Nb2 Rb8 36. Nc4 Nd5 37. Rxa6 Nxb4 38. Rxc6 Nxc6 39. Ra6 Kd7 40. Nb6+
Ke6 41. Kf2 h5 42. Ke3 f5 43. f4 gxf4+ 44. gxf4 e4 45. Ra1 Rd8 46. Ra3 Nb4 47.
Rc3 Nc6 48. Ke2 Rg8 49. Kf2 Rg4 50. g3 h4 51. Kg2 hxg3 52. Rxg3 Rxg3+ 53. Kxg3
Nd4 54. Kf2 Nb3 55. c6 Kd6 56. Nd5 Nd4 57. c7 Kd7 58. Ke3 Nc2+ 59. Kd2 Nd4 60.
Ke3 Nc2+ 61. Kf2 Nd4 62. Nc3 Kxc7 63. Nxe4 fxe4 64. Ke3 1/2-1/2

[Event "Championnat de France des Jeunes - Benja"]
[Site "AIX LES BAINS"]
[Date "2009.04.24"]
[Round "7.3"]
[White "Nolot, Clementine"]
[Black "Bekhouche, Marion"]
[Result "0-1"]
[WhiteElo "1659"]
[BlackElo "1638"]
[PlyCount "142"]

1. Nf3 Nf6 2. b3 d5 3. Bb2 c5 4. e3 Nc6 5. Bb5 Qc7 6. Ne5 Bd7 7. Bxc6 Bxc6 8.
O-O e6 9. d3 Bd6 10. f4 Rg8 11. Nd2 Nd7 12. d4 g5 13. Nxf7 g4 14. Nxd6+ Qxd6
15. dxc5 Qe7 16. c4 h5 17. f5 exf5 18. Rxf5 Qxe3+ 19. Kh1 d4 20. Qe1 O-O-O 21.
Qxe3 dxe3 22. Nf1 Rge8 23. Re1 e2 24. Ng3 Nb8 25. Re5 h4 26. Rxe8 Rxe8 27. Nxe2
h3 28. Bc3 Re3 29. Bd2 Rd3 30. Bg5 hxg2+ 31. Kg1 Nd7 32. Nc1 Rf3 33. Bh4 Nxc5
34. b4 Nd3 35. Nxd3 Rxd3 36. Bf6 Rh3 37. Be5 Ra3 38. Bf6 Rxa2 39. Ra1 Rc2 40.
c5 Kd7 41. Re1 Kc8 42. Rd1 b6 43. cxb6 axb6 44. Ra1 Kb7 45. Re1 Ka6 46. Rd1 Kb5
47. Re1 Kc4 48. Ra1 Rd2 49. Bg7 Rd3 50. Bb2 Rh3 51. Be5 Re3 52. Bg7 Kb3 53. Bf6
b5 54. Bg7 Kc2 55. Bf6 Kd3 56. Bd8 Bf3 57. Bf6 Ke4 58. Bh4 Re2 59. Bf6 Kd3 60.
Bh4 Bb7 61. Bg5 Ke4 62. Bd8 Kf3 63. Bc7 Bd5 64. Bg3 Bc4 65. Bh4 Rc2 66. Bg3 Bf1
67. Bh4 Ke4 68. Bf6 g3 69. hxg3 Kf3 70. Be5 Rc6 71. Bb8 Rh6 0-1

[Event "Championnat de France des Jeunes - Benja"]
[Site "AIX LES BAINS"]
[Date "2009.04.24"]
[Round "7.4"]
[White "Eid, Maha"]
[Black "Pouillart, Cecile"]
[Result "1-0"]
[WhiteElo "1929"]
[BlackElo "1745"]
[PlyCount "79"]
[EventDate "2009.??.??"]

1. d4 Nf6 2. c4 g6 3. Nc3 Bg7 4. e4 O-O 5. f3 Nc6 6. Be3 e5 7. Nge2 exd4 8.
Nxd4 Nh5 9. Qd2 f5 10. O-O-O d6 11. Kb1 Nxd4 12. Bxd4 Bxd4 13. Qxd4 Qf6 14. Qd2
fxe4 15. Nxe4 Qf4 16. Qd5+ Qf7 17. Qxf7+ Kxf7 18. c5 dxc5 19. Bc4+ Kg7 20. Nxc5
b6 21. Nb3 Bf5+ 22. Kc1 Nf4 23. g3 Nh3 24. Rhe1 Rae8 25. Nd4 Bc8 26. Be6 Ng5
27. Bxc8 Rxc8 28. f4 c5 29. Nb5 Nf3 30. Re7+ Kf6 31. Rxh7 Rce8 32. Nc3 Rf7 33.
Nd5+ Ke6 34. Nc7+ Ke7 35. Rxf7+ Kxf7 36. Nxe8 Kxe8 37. Rd6 Nxh2 38. Rxg6 Nf1
39. g4 Ne3 40. Re6+ 1-0

[Event "Championnat de France des Jeunes - Benja"]
[Site "AIX LES BAINS"]
[Date "2009.04.24"]
[Round "7.5"]
[White "Fischer, Julie"]
[Black "Le Marec, Laura"]
[Result "1-0"]
[WhiteElo "1644"]
[BlackElo "1554"]
[PlyCount "49"]

1. e4 e6 2. d4 d5 3. e5 c5 4. c3 Nc6 5. Nf3 Bd7 6. Be2 Qc7 7. O-O f6 8. Bf4 g5
9. Bg3 Qb6 10. b3 g4 11. Ne1 h5 12. exf6 Nxf6 13. Qd3 O-O-O 14. dxc5 Bxc5 15.
b4 Nxb4 16. cxb4 Qxb4 17. Nc2 Qb6 18. Nc3 Rde8 19. Rab1 Qc6 20. Nd4 Bxd4 21.
Qxd4 Ne4 22. Nxe4 Kd8 23. Bh4+ Re7 24. Bxe7+ Kxe7 25. Qg7+ 1-0

[Event "Championnat de France des Jeunes - Benja"]
[Site "AIX LES BAINS"]
[Date "2009.04.24"]
[Round "7.6"]
[White "Monpeurt, Cyrielle"]
[Black "Pivard, Elsa"]
[Result "1/2-1/2"]
[WhiteElo "1755"]
[BlackElo "1710"]
[PlyCount "125"]

1. e4 c6 2. d4 d5 3. Nc3 dxe4 4. Nxe4 Bf5 5. Ng3 Bg6 6. h4 h6 7. N1e2 e5 8.
dxe5 Qxd1+ 9. Kxd1 Bc5 10. f4 Ne7 11. Nc3 O-O 12. Bd3 Bxd3 13. cxd3 Rd8 14. Kc2
Na6 15. a3 b5 16. Nce4 Bb6 17. Bd2 Nd5 18. Nd6 Ne3+ 19. Bxe3 Bxe3 20. Rhf1 Nc7
21. Ngf5 Nd5 22. g3 Rd7 23. Rae1 Bb6 24. h5 Kh7 25. Kb1 a5 26. g4 b4 27. a4 b3
28. Ng3 Nb4 29. Rf3 Nc2 30. Rc1 Bc5 31. Nge4 Bb4 32. f5 Nd4 33. Rf2 Nc2 34. f6
g5 35. hxg6+ Kxg6 36. Rh1 Ne3 37. Rfh2 Nxg4 38. Rh4 Bxd6 39. Nxd6 Kg5 40. Ne4+
Kf5 41. Rf1+ Kxe5 42. Rxg4 Rxd3 43. Nc3 Rh3 44. Rgf4 Kd6 45. Ne4+ Kc7 46. Rc1
Re8 47. Nc3 Re6 48. Rc4 Kb6 49. Ne4 Rh4 50. Nd2 Rxc4 51. Rxc4 Rxf6 52. Nxb3 Rf5
53. Rh4 h5 54. Nd4 Rg5 55. Ne2 f6 56. b3 Re5 57. Nf4 Re4 58. Kc2 f5 59. Kd3 Kc5
60. Kc3 Kd6 61. Ng2 Rxh4 62. Nxh4 f4 63. Kd4 1/2-1/2

[Event "Championnat de France des Jeunes - Benja"]
[Site "AIX LES BAINS"]
[Date "2009.04.24"]
[Round "7.7"]
[White "Afraoui, Solenn"]
[Black "Bertrand, Meryl"]
[Result "1-0"]
[WhiteElo "1840"]
[BlackElo "1610"]
[PlyCount "65"]

1. Nf3 d5 2. d4 Nf6 3. g3 Bf5 4. Bg2 e6 5. O-O Nbd7 6. Nbd2 h5 7. h3 Be7 8. c4
c6 9. a3 Ne4 10. Qb3 Qc7 11. cxd5 exd5 12. Nxe4 Bxe4 13. Bf4 Bd6 14. Bxd6 Qxd6
15. Qxb7 O-O 16. Qb3 Qf6 17. Qc3 Rfc8 18. Rac1 Rab8 19. b4 Nb6 20. Ne5 Bxg2 21.
Kxg2 Qe6 22. Qf3 g6 23. Rc2 Nd7 24. Nxd7 Qxd7 25. Rfc1 Rb7 26. Qf6 Rbc7 27. Rc5
Kh7 28. e3 Kg8 29. f3 Qe8 30. Kf2 Qd7 31. g4 hxg4 32. hxg4 a6 33. Rh1 1-0

[Event "Championnat de France des Jeunes - Benja"]
[Site "AIX LES BAINS"]
[Date "2009.04.24"]
[Round "7.8"]
[White "Ferrer, Lauriane"]
[Black "Gan, Grace"]
[Result "0-1"]
[WhiteElo "1570"]
[BlackElo "1700"]
[PlyCount "170"]

1. e4 c6 2. d4 d5 3. e5 Bf5 4. Nf3 e6 5. Be2 Nd7 6. O-O Ne7 7. Be3 h6 8. Qd2
Qc7 9. Rd1 c5 10. c4 dxc4 11. Bxc4 Nc6 12. Nc3 a6 13. Rac1 cxd4 14. Bxd4 Be7
15. Qe2 O-O 16. h3 Rac8 17. Bb3 Rfd8 18. a3 Nxd4 19. Rxd4 Nc5 20. Rxd8+ Rxd8
21. Ba2 Qb6 22. b4 Nd3 23. Rd1 Nf4 24. Rxd8+ Qxd8 25. Qd2 Qxd2 26. Nxd2 Nd3 27.
Nf3 Bd8 28. Bb1 b5 29. Nd4 Bh7 30. Kf1 Nxe5 31. Bxh7+ Kxh7 32. Ke2 Kg8 33. f4
Nc4 34. Nb1 Kf8 35. Nf3 Bc7 36. g3 Ke7 37. Nfd2 Nd6 38. Nc3 Nf5 39. Nde4 Nd4+
40. Kd3 Nc6 41. Nc5 Nb8 42. Ke4 Kd6 43. Kd4 Kc6 44. N3e4 a5 45. bxa5 Bxa5 46.
Nb3 Bb6+ 47. Kd3 Na6 48. Nc3 Nc7 49. Nd4+ Bxd4 50. Kxd4 Ne8 51. Ne4 Nd6 52.
Nxd6 Kxd6 53. Kc3 Kc5 54. Kb3 Kc6 55. Kb4 Kb6 56. Kb3 f6 57. Kc3 Kc5 58. h4 h5
59. Kd3 g6 60. Kc3 e5 61. fxe5 fxe5 62. Kd3 Kd5 63. Ke3 Kc4 64. Ke4 Kb3 65.
Kxe5 Kxa3 66. Kf6 b4 67. Kxg6 b3 68. Kxh5 b2 69. g4 b1=Q 70. g5 Qh7+ 71. Kg4
Kb4 72. h5 Qe4+ 73. Kg3 Qe3+ 74. Kg4 Qe2+ 75. Kh4 Qf2+ 76. Kg4 Kc4 77. h6 Qf7
78. Kh4 Qg6 79. Kg4 Kd4 80. Kf4 Kd5 81. Kg4 Ke4 82. Kh4 Kf4 83. Kh3 Qxg5 84.
Kh2 Kf3 85. h7 Qg2# 0-1